| Tag |
First Indicator |
Second Indicator |
Subfields |
| LEADER |
00000cam a2200000 a 4500 |
| 001 |
in00000010056 |
| 005 |
20151006070009.0 |
| 008 |
850221s1985 nju b 00000 eng |
| 010 |
|
|
|a 85004694
|
| 020 |
|
|
|a 0867091290 (pbk.)
|
| 035 |
|
|
|a (OCoLC)11785175
|
| 035 |
|
|
|9 AAA2246AM
|
| 040 |
|
|
|a DLC
|c DLC
|d m/c
|d TXA
|d UtOrBLW
|
| 049 |
|
|
|a TXAM
|c [A12629689]
|
| 050 |
0 |
0 |
|a PE1404
|b .W728 1985
|
| 082 |
0 |
|
|a 808/.042/07
|2 19
|
| 245 |
0 |
0 |
|a Writing on-line :
|b using computers in the teaching of writing /
|c edited by James L. Collins and Elizabeth A. Sommers.
|
| 264 |
|
1 |
|a Upper Montclair, N.J. :
|b Boynton/Cook Publishers,
|c [1985]
|
| 264 |
|
4 |
|c ©1985
|
| 300 |
|
|
|a 136 pages ;
|c 23 cm.
|
| 336 |
|
|
|a text
|b txt
|2 rdacontent
|
| 337 |
|
|
|a unmediated
|b n
|2 rdamedia
|
| 338 |
|
|
|a volume
|b nc
|2 rdacarrier
|
| 504 |
|
|
|a Bibliography: pages 122-133.
|
| 650 |
|
0 |
|a English language
|x Rhetoric
|x Study and teaching
|x Data processing.
|
| 650 |
|
0 |
|a English language
|x Composition and exercises
|x Study and teaching
|x Data processing.
|
| 650 |
|
0 |
|a Word processing in education.
|
| 650 |
|
0 |
|a Computer-assisted instruction.
|
| 700 |
1 |
|
|a Collins, James L.
|
| 700 |
1 |
|
|a Sommers, Elizabeth A.
|
| 999 |
|
|
|a MARS
|
| 999 |
f |
f |
|s 79d88463-d597-3ab3-8fd5-ba8b1954f1b4
|i b59a9166-764e-3583-b487-9bedff78a410
|t 0
|
| 952 |
f |
f |
|p ric
|a Texas A&M University
|b Rellis Campus
|c Joint Library Facility
|s JLF
|d Remote Storage
|t 0
|e PE1404 .W728 1985
|h Library of Congress classification
|i unmediated -- volume
|m A14812629689
|
| 998 |
f |
f |
|a PE1404 .W728 1985
|t 0
|l Remote Storage
|